[Event "Aerosvit"]
[Site "Foros UKR"]
[Date "2007.06.26"]
[Round "8"]
[White "Van Wely,L"]
[Black "Eljanov,P"]
[Result "1-0"]
[WhiteElo "2674"]
[BlackElo "2686"]
[EventDate "2007.06.18"]

1. d4 Nf6 2. c4 e6 3. Nf3 d5 4. Nc3 Bb4 5. Bg5 Nbd7 6. cxd5 exd5 7. Qc2 h6
8. Bh4 g5 9. Bg3 Ne4 10. Nd2 Nxg3 11. hxg3 Nb6 12. a3 Bf8 13. e3 Bg7 14.
Bd3 Qe7 15. Nb3 O-O 16. Bh7+ Kh8 17. Bf5 c6 18. O-O-O Nc4 19. Kb1 Bxf5 20.
Qxf5 Rad8 21. Nc5 Kg8 22. Rhe1 b6 23. Nd3 Nd6 24. Qh3 Ne4 25. Nxe4 dxe4 26.
Ne5 Rd6 27. Nc4 Rd5 28. Qg4 Rfd8 29. Qe2 Qe6 30. Rd2 c5 31. dxc5 Rxd2 32.
Nxd2 Qd5 33. cxb6 axb6 34. Nc4 Qb5 35. Rc1 Rc8 36. Rc2 Rc6 37. Ka2 Qd5 38.
a4 Rc5 39. b4 Rc8 40. b5 Ra8 41. Kb3 Bf8 42. Qd2 Qc5 43. Qc3 Rd8 44. Rd2
Rc8 45. g4 Ra8 46. Rd7 Rc8 47. g3 Be7 48. Rd2 Bf8 49. Rd1 Be7 50. Rd7 Bf8
51. Rd2 Be7 52. Rd1 Bf8 53. Rd4 Bg7 54. Qd2 Bxd4 55. Qxd4 Qxd4 56. exd4 f5
57. Nxb6 Re8 58. Nd5 Kf7 59. a5 Rd8 60. Kc4 Rc8+ 61. Kb4 Ke6 62. Nb6 Rc2
63. a6 Rb2+ 64. Ka5 1-0

[Event "Aerosvit"]
[Site "Foros UKR"]
[Date "2007.06.26"]
[Round "8"]
[White "Karjakin,Sergey"]
[Black "Nisipeanu,LD"]
[Result "1/2-1/2"]
[WhiteElo "2686"]
[BlackElo "2693"]
[EventDate "2007.06.18"]

1. e4 c5 2. Nf3 e6 3. d4 cxd4 4. Nxd4 Nf6 5. Nc3 d6 6. Be3 Be7 7. f4 O-O 8.
Qf3 e5 9. Nf5 Bxf5 10. exf5 Nbd7 11. O-O-O Rc8 12. Kb1 Rxc3 13. bxc3 d5 14.
Rxd5 e4 15. Qd1 Nxd5 16. Qxd5 Nb6 17. Qxd8 Rxd8 18. Bb5 Nd5 1/2-1/2

[Event "Aerosvit"]
[Site "Foros UKR"]
[Date "2007.06.26"]
[Round "8"]
[White "Shirov,A"]
[Black "Onischuk,Al"]
[Result "1/2-1/2"]
[WhiteElo "2699"]
[BlackElo "2663"]
[EventDate "2007.06.18"]

1. d4 Nf6 2. c4 e6 3. Nf3 d5 4. g3 Be7 5. Bg2 O-O 6. O-O dxc4 7. Qc2 a6 8.
Qxc4 b5 9. Qc2 Bb7 10. Bd2 Be4 11. Qc1 Qc8 12. Bg5 Nbd7 13. Nbd2 Bb7 14.
Nb3 a5 15. Bxf6 Nxf6 16. Nc5 Bd5 17. Ne5 Bxg2 18. Kxg2 c6 19. Ncd3 Ra6 20.
Qe3 Nd5 21. Qf3 f6 22. Ng4 c5 23. dxc5 Nb4 24. Nf4 Qc6 25. a3 Nc2 26. Qxc6
Rxc6 27. Rac1 Nd4 28. b4 Rd8 29. e4 Kf7 30. Nd3 axb4 31. axb4 Rc7 32. f3
Nc6 33. Ngf2 Rd4 34. Rb1 Ra7 35. Rb2 f5 36. exf5 exf5 37. Rfb1 Bf6 38. f4
Ra4 39. Re2 Nxb4 40. Ne5+ Bxe5 41. Rxe5 g6 42. c6 Nxc6 1/2-1/2

[Event "Aerosvit"]
[Site "Foros UKR"]
[Date "2007.06.26"]
[Round "8"]
[White "Rublevsky,S"]
[Black "Ivanchuk,V"]
[Result "0-1"]
[WhiteElo "2680"]
[BlackElo "2729"]
[EventDate "2007.06.18"]

1. e4 c5 2. Nf3 d6 3. d4 cxd4 4. Nxd4 Nf6 5. Nc3 a6 6. Bc4 e6 7. Bb3 Be7 8.
g4 O-O 9. g5 Nfd7 10. h4 Nc5 11. Be3 b5 12. Qg4 b4 13. Na4 Nxb3 14. axb3
Qc7 15. O-O-O Nc6 16. Nxc6 Qxc6 17. Nb6 Rb8 18. Nxc8 Rbxc8 19. Rd2 a5 20.
g6 f5 21. gxh7+ Kh8 22. Qg3 a4 23. Rg1 Bf6 24. Bg5 f4 25. Qd3 axb3 26. Bxf6
Rxf6 27. Kb1 Rf7 28. cxb3 Rfc7 29. Rdd1 Qb6 30. h5 Qxf2 31. h6 g5 32. Rxg5
e5 33. Rdg1 f3 34. Rg8+ Kxh7 35. R1g7+ Rxg7 36. Rxg7+ Kxh6 37. Qxd6+ Kxg7
38. Qxe5+ Kh6 39. Qe6+ Kg5 40. Qxc8 Qe1+ 41. Ka2 Qxe4 42. Qc1+ Qf4 43. Qg1+
Kh5 44. Qh1+ Kg6 45. Qg1+ Kf5 46. Qc5+ Kg4 47. Qg1+ Qg3 48. Qd4+ Kh3 49.
Qxb4 f2 50. Qc4 Kg2 51. Qd5+ Kg1 52. Qd4 Qg8 53. Ka3 Qa8+ 54. Kb4 Qf3 55.
Ka3 Kg2 56. Qd2 Qa8+ 57. Kb4 Qb7+ 58. Ka4 Qa6+ 59. Kb4 Qf6 60. Ka3 Kh1 61.
Qd5+ Kg1 62. Qc5 Qf4 63. Ka2 Qe4 64. b4 Kf1 65. b5 Ke1 66. Qc3+ 0-1

[Event "Aerosvit"]
[Site "Foros UKR"]
[Date "2007.06.27"]
[Round "9"]
[White "Jakovenko,D"]
[Black "Shirov,A"]
[Result "0-1"]
[WhiteElo "2708"]
[BlackElo "2699"]
[EventDate "2007.06.18"]

1. e4 c5 2. Nf3 Nc6 3. d4 cxd4 4. Nxd4 Nf6 5. Nc3 e5 6. Ndb5 d6 7. Bg5 a6
8. Na3 b5 9. Nd5 Be7 10. Bxf6 Bxf6 11. c3 Bg5 12. Nc2 O-O 13. a4 bxa4 14.
Rxa4 a5 15. Bc4 Rb8 16. b3 Kh8 17. Nce3 g6 18. h4 Bxh4 19. g3 Bg5 20. f4
exf4 21. gxf4 Bh4+ 22. Kd2 Ne7 23. Kc1 Nxd5 24. Nxd5 Be6 25. Qd4+ Kg8 26.
Kb1 Bxd5 27. Qxd5 Bf6 28. Kc2 Qb6 29. Rf1 Qe3 30. Qd3 Qc5 31. Rd1 Rb6 32.
Qg3 Ra8 33. Rd5 Qc7 34. Rf5 Qd8 35. Rd5 Qc7 36. Qh3 Ra7 37. Qe3 Rb8 38. Qd3
Rd8 39. Qd2 Kg7 40. Rd3 h5 41. e5 dxe5 42. fxe5 Be7 43. Qf4 Rxd3 44. Qxf7+
Kh6 45. Bxd3 Qxc3+ 46. Kxc3 Bb4+ 47. Kd4 Rxf7 48. e6 Rg7 49. Ra1 g5 50. Rf1
g4 51. Ke4 Be7 52. Be2 h4 53. Rf5 g3 0-1

[Event "Aerosvit"]
[Site "Foros UKR"]
[Date "2007.06.27"]
[Round "9"]
[White "Nisipeanu,LD"]
[Black "Van Wely,L"]
[Result "1/2-1/2"]
[WhiteElo "2693"]
[BlackElo "2674"]
[EventDate "2007.06.18"]

1. e4 c5 2. Nf3 d6 3. d4 cxd4 4. Nxd4 Nf6 5. Nc3 a6 6. Be3 e6 7. g4 b5 8.
g5 Nfd7 9. a3 Bb7 10. h4 Nc6 11. Nxc6 Bxc6 12. Qd4 Rb8 13. h5 Qb6 14. Qxb6
Nxb6 15. Bd3 Nd7 16. f4 Nc5 17. b4 Nxd3+ 18. cxd3 Be7 19. Bd4 Rg8 20. Rg1
Kd7 21. Kd2 Ra8 22. a4 g6 23. axb5 axb5 24. Rh1 e5 25. Rxa8 Bxa8 26. Be3
1/2-1/2

[Event "Aerosvit"]
[Site "Foros UKR"]
[Date "2007.06.27"]
[Round "9"]
[White "Onischuk,Al"]
[Black "Svidler,P"]
[Result "1/2-1/2"]
[WhiteElo "2663"]
[BlackElo "2736"]
[EventDate "2007.06.18"]

1. d4 Nf6 2. c4 g6 3. Nc3 d5 4. Nf3 Bg7 5. Qb3 dxc4 6. Qxc4 O-O 7. e4 a6 8.
Be2 b5 9. Qb3 c5 10. dxc5 Bb7 11. O-O Nxe4 12. Nxe4 Bxe4 13. Bf4 Bd5 14.
Qe3 Bxb2 15. Rad1 e6 16. Ne5 Bxe5 17. Bxe5 Nc6 18. Bd6 Re8 19. a3 Qf6 20.
Rfe1 h5 21. Qh6 Nd4 22. Bg4 Nf5 23. Bxf5 exf5 24. Qf4 g5 25. Qd2 Bc6 26. f4
gxf4 27. Qxf4 Qg6 28. Qg3 a5 29. Be5 Rad8 30. Rd6 Rxd6 31. cxd6 h4 32.
Qxg6+ fxg6 33. Bc3 Rxe1+ 34. Bxe1 b4 35. axb4 a4 36. Bxh4 Kf7 37. Be1 Ke6
38. b5 Bxb5 39. Bb4 Kd5 40. Kf2 Kc4 41. Ba3 Kb3 42. Bc5 Kc4 43. Ba3 Kb3 44.
Bc5 a3 45. h4 a2 46. Bd4 Kc4 47. Ke3 Kd5 48. g3 Kxd6 1/2-1/2

[Event "Aerosvit"]
[Site "Foros UKR"]
[Date "2007.06.27"]
[Round "9"]
[White "Ivanchuk,V"]
[Black "Dominguez Perez,L"]
[Result "1/2-1/2"]
[WhiteElo "2729"]
[BlackElo "2678"]
[EventDate "2007.06.18"]

1. Nf3 c5 2. e4 d6 3. Nc3 Nf6 4. d4 cxd4 5. Nxd4 a6 6. Be2 e5 7. Nb3 Be7 8.
O-O O-O 9. Kh1 Nc6 10. f3 b5 11. Qd2 Qb6 12. Rd1 Re8 13. Qe3 Qc7 14. Bd2
Be6 15. Be1 Bf8 16. Rac1 Ne7 17. Bh4 b4 18. Na4 Nd7 19. Nd2 d5 20. c3 bxc3
21. Qxc3 Qb7 22. Qc7 Qb4 23. Bxe7 Bxe7 24. exd5 Bxd5 25. Ne4 Be6 26. b3 Qa3
27. Bc4 Rac8 28. Bxe6 Rxc7 29. Rxc7 fxe6 30. Rdxd7 Rd8 31. Rxd8+ Bxd8 32.
Rc8 Kf7 33. g3 Be7 34. Rc2 Qb4 35. Rd2 Qa5 36. Kg2 Bb4 37. Rc2 h6 38. h4
Kg6 39. Kh3 Be7 40. Kg4 h5+ 41. Kh3 Qe1 42. Kg2 Bb4 43. Rf2 Qb1 44. Nb6 Be1
45. Re2 Qd1 46. Rb2 Qc1 47. Na4 Bb4 48. Rf2 Be1 49. Re2 Qd1 50. Rb2 Bb4 51.
Nf2 Qd4 52. Rc2 Be1 53. Ne4 Qd1 54. Rb2 Bb4 55. Nf2 Qd4 56. Re2 Bc5 57.
Nxc5 Qxc5 58. Nd3 Qd4 59. Nxe5+ Kf6 60. Nc4 Qd1 61. Rd2 Qe1 62. Rf2 e5 63.
Nd6 a5 64. Ne4+ Ke7 65. Rc2 g6 66. Nf2 Qb1 67. Rd2 Qe1 68. Rd5 Ke6 69. Rb5
Qd2 70. a4 Kf6 71. Rb6+ Kf7 72. Ra6 Kg7 73. Rc6 Kf7 74. Rc5 Ke6 75. Rc4 Kf6
76. Kf1 Ke6 77. Ne4 Qd1+ 78. Kf2 Kf7 79. Rc3 Kf8 80. Rc8+ Kf7 81. Rc7+ Kf8
82. Rc8+ Kf7 83. Rc5 Qxb3 84. Rxa5 Qb6+ 85. Rc5 Qb2+ 86. Kf1 Qa1+ 87. Kg2
Qxa4 88. Rxe5 Qc2+ 89. Nf2 Kf6 90. Re4 Kf7 91. Kf1 Qc1+ 92. Kg2 Qc2 93. Rd4
Kg7 94. Rd7+ Kf8 95. Kf1 Qc1+ 96. Rd1 Qc2 97. Ke1 Kg7 98. Rd7+ Kf8 99. Ne4
Qb2 100. Rd2 Qb3 101. Kf2 Kg7 102. Kg2 Qe3 103. Rf2 Qd3 104. Ng5 Qe3 105.
Nh3 Kf7 106. Nf4 Qc3 107. Ra2 Qc4 108. Rb2 Qc3 109. Rb7+ Kg8 110. Re7 Qc2+
111. Re2 Qc4 112. Rb2 Qc3 113. Re2 Qc4 114. Rf2 Kf7 115. Nh3 Kg7 116. Ng5
Kf8 117. Rd2 Qc3 118. Ne4 Qe3 119. Ra2 Kg7 120. Ra5 Qe2+ 121. Nf2 Kf7 122.
Rg5 Qc2 123. g4 hxg4 124. Rxg4 Qe2 125. Rg5 Qd2 126. Re5 Qb2 127. Re4 Kg7
128. Kg3 Qb8+ 129. Kh3 Qb3 130. Rf4 Qe3 131. Kg3 Qe5 132. Ne4 Kh6 133. Nf2
Kg7 134. Nh3 Qe1+ 135. Kg2 Qd2+ 136. Kh1 Qc1+ 1/2-1/2

[Event "Aerosvit"]
[Site "Foros UKR"]
[Date "2007.06.28"]
[Round "10"]
[White "Dominguez Perez,L"]
[Black "Eljanov,P"]
[Result "1/2-1/2"]
[WhiteElo "2678"]
[BlackElo "2686"]
[EventDate "2007.06.18"]

1. e4 e5 2. Nf3 Nc6 3. Bb5 Nf6 4. O-O Nxe4 5. d4 Nd6 6. Bxc6 dxc6 7. dxe5
Nf5 8. Qxd8+ Kxd8 9. Nc3 Bd7 10. h3 h6 11. b3 Kc8 12. Bb2 b6 13. Rad1 Ne7
14. Nd4 a5 15. e6 fxe6 16. Rfe1 Nd5 17. Nxe6 Bb4 18. Nxd5 cxd5 19. Re3 Re8
20. Nf4 Rxe3 21. fxe3 Bc5 22. Kf2 g6 23. Nxd5 Bc6 24. a4 Kb7 25. c4 Re8 26.
Bd4 Bd6 27. Ke2 Re6 28. Rf1 Be8 29. Nf6 Bc6 30. Nd5 Be8 31. Rf6 Rxf6 32.
Nxf6 Bf7 33. Kd3 c6 34. e4 Be7 35. Nd7 Kc7 36. Nxb6 g5 37. Kc2 Bg6 38. Kd3
Bf7 39. c5 Bxb3 40. Be5+ Kb7 41. Nc4 Bd8 42. Bd6 Kc8 43. Nb6+ Bxb6 44. cxb6
Kb7 45. Bc5 Bxa4 46. Kc3 Bd1 47. e5 g4 48. e6 gxh3 49. gxh3 Be2 50. Kd4 Bf3
51. h4 Be2 52. Ke5 a4 53. Kf6 a3 54. Kg6 a2 55. Bd4 c5 56. Bc3 Kxb6 57. e7
Bb5 58. Kxh6 Be8 59. Kg5 Kc6 60. h5 Bxh5 61. Kxh5 Kd7 1/2-1/2

[Event "Aerosvit"]
[Site "Foros UKR"]
[Date "2007.06.28"]
[Round "10"]
[White "Shirov,A"]
[Black "Ivanchuk,V"]
[Result "0-1"]
[WhiteElo "2699"]
[BlackElo "2729"]
[EventDate "2007.06.18"]

1. e4 e5 2. Nf3 Nc6 3. Bb5 a6 4. Ba4 Nf6 5. O-O b5 6. Bb3 Be7 7. d4 d6 8.
c3 O-O 9. Re1 Bg4 10. Be3 exd4 11. cxd4 d5 12. e5 Ne4 13. Nc3 Nxc3 14. bxc3
Qd7 15. h3 Bh5 16. g4 Bg6 17. Nd2 a5 18. f4 a4 19. Bc2 Bxc2 20. Qxc2 f5 21.
exf6 Bxf6 22. Nf3 Rae8 23. Bf2 h5 24. Qg6 Re4 25. Rxe4 dxe4 26. Nh2 Nxd4
27. cxd4 Bxd4 28. Rb1 e3 29. Bg3 h4 30. Bxh4 Rxf4 31. Qd3 Qd5 32. Nf1 Rf2
33. Nxe3 Rg2+ 34. Kh1 Qf3 0-1

[Event "Aerosvit"]
[Site "Foros UKR"]
[Date "2007.06.28"]
[Round "10"]
[White "Svidler,P"]
[Black "Jakovenko,D"]
[Result "1-0"]
[WhiteElo "2736"]
[BlackElo "2708"]
[EventDate "2007.06.18"]

1. e4 c5 2. Nf3 Nc6 3. Bb5 d6 4. O-O Bd7 5. Re1 Nf6 6. c3 a6 7. Bf1 Bg4 8.
d3 e6 9. Nbd2 d5 10. exd5 Qxd5 11. h3 Bh5 12. g4 Bg6 13. Nc4 Qd8 14. Bg2
Qc7 15. Nfe5 Nxe5 16. Bf4 Rd8 17. Bxe5 Qd7 18. d4 cxd4 19. Qxd4 Qb5 20.
Nd6+ Bxd6 21. Bxd6 Qd3 22. Rad1 Qxd4 23. Rxd4 Rd7 24. Red1 Nd5 25. Ba3 b5
26. b3 Kd8 27. c4 Nf6 28. Rxd7+ Nxd7 29. cxb5 axb5 30. Bb4 f6 31. Bc6 Be8
32. Bxb5 h5 33. a4 hxg4 34. hxg4 Rh3 35. Bc4 f5 36. a5 Kc7 37. Bxe6 Nf6 38.
g5 Bc6 39. Bd6+ Kb7 40. f3 Ne8 41. Be5 Nc7 42. Bd7 Bxf3 43. Rd6 Na6 44.
Rb6+ Ka7 45. Bxf5 Rh4 46. Kf2 Bb7 47. Kg3 1-0

[Event "Aerosvit"]
[Site "Foros UKR"]
[Date "2007.06.28"]
[Round "10"]
[White "Karjakin,Sergey"]
[Black "Onischuk,Al"]
[Result "1/2-1/2"]
[WhiteElo "2686"]
[BlackElo "2663"]
[EventDate "2007.06.18"]

1. e4 e5 2. Nf3 Nc6 3. Bb5 a6 4. Ba4 Nf6 5. O-O Be7 6. Re1 b5 7. Bb3 O-O 8.
h3 Bb7 9. d3 d6 10. a3 Qd7 11. Nc3 Rfe8 12. a4 b4 13. Ne2 d5 14. exd5 Nxd5
15. Ng3 Bf8 16. a5 Nd4 17. Nxd4 exd4 18. Rxe8 Rxe8 19. Bd2 Nf6 20. Bg5 Qc6
21. Qf1 Nd7 22. Ba4 Qd6 23. Ne4 Bxe4 24. dxe4 Re6 25. Bd2 Nc5 26. Bxb4 Qe5
27. Bxc5 Bxc5 28. Bb3 Rf6 29. Qd3 h5 30. g3 g5 31. Rf1 h4 32. Bc4 Bd6 33.
Bxa6 Qxa5 34. Bc4 Qe5 35. Kg2 hxg3 36. fxg3 Rxf1 37. Kxf1 Qxg3 38. Qxg3
1/2-1/2

[Event "Aerosvit"]
[Site "Foros UKR"]
[Date "2007.06.28"]
[Round "10"]
[White "Nisipeanu,LD"]
[Black "Sasikiran,K"]
[Result "1/2-1/2"]
[WhiteElo "2693"]
[BlackElo "2690"]
[EventDate "2007.06.18"]

1. e4 c6 2. d4 d5 3. Nc3 dxe4 4. Nxe4 Nd7 5. Ng5 Ngf6 6. Bd3 e6 7. N1f3 Bd6
8. Qe2 h6 9. Ne4 Nxe4 10. Qxe4 Qc7 11. O-O b6 12. Qg4 Kf8 13. Qh4 Bb7 14.
Re1 c5 15. Be4 Bxe4 16. Qxe4 Rd8 17. dxc5 Nxc5 18. Qh4 Kg8 19. b3 Be7 20.
Qc4 Bf6 21. Bf4 Qb7 22. Be5 Nd7 23. Bxf6 Nxf6 24. Rad1 Kh7 25. Ne5 Rhf8 26.
h3 Kg8 27. Qe2 Nd5 28. Qf3 Qc7 29. c4 Nb4 30. Qe2 a5 31. a3 Nc6 32. Nxc6
Qxc6 33. Qe3 1/2-1/2

[Event "Aerosvit"]
[Site "Foros UKR"]
[Date "2007.06.29"]
[Round "11"]
[White "Eljanov,P"]
[Black "Shirov,A"]
[Result "1/2-1/2"]
[WhiteElo "2686"]
[BlackElo "2699"]
[EventDate "2007.06.18"]

1. d4 Nf6 2. c4 g6 3. Nc3 d5 4. cxd5 Nxd5 5. e4 Nxc3 6. bxc3 Bg7 7. Nf3 c5
8. Bb5+ Nc6 9. O-O cxd4 10. cxd4 O-O 11. Be3 Bg4 12. Bxc6 bxc6 13. Rc1 Qa5
14. Qd2 Qxd2 15. Nxd2 Rfd8 16. Nb3 a5 17. Rxc6 a4 18. Nc5 Be2 19. Re1 Bxd4
20. Rxe2 Bxc5 21. g3 Bxe3 22. Rxe3 Rd2 23. a3 Rb8 24. Rc4 Rb3 25. Rxb3
1/2-1/2

[Event "Aerosvit"]
[Site "Foros UKR"]
[Date "2007.06.29"]
[Round "11"]
[White "Rublevsky,S"]
[Black "Dominguez Perez,L"]
[Result "1/2-1/2"]
[WhiteElo "2680"]
[BlackElo "2678"]
[EventDate "2007.06.18"]

1. e4 c5 2. Nf3 d6 3. d4 cxd4 4. Nxd4 Nf6 5. Nc3 a6 6. Bc4 e6 7. Bb3 b5 8.
Qf3 Bb7 9. O-O Nc6 10. Nxc6 Bxc6 11. Re1 Be7 12. Qg3 O-O 13. Bh6 Ne8 14. a3
a5 15. Rad1 Qc7 16. Bg5 Bxg5 17. Qxg5 b4 18. Nb5 Bxb5 19. Qxb5 bxa3 20.
bxa3 Nf6 1/2-1/2

[Event "Aerosvit"]
[Site "Foros UKR"]
[Date "2007.06.29"]
[Round "11"]
[White "Ivanchuk,V"]
[Black "Svidler,P"]
[Result "1/2-1/2"]
[WhiteElo "2729"]
[BlackElo "2736"]
[EventDate "2007.06.18"]

1. d4 Nf6 2. c4 g6 3. Nc3 d5 4. Qb3 dxc4 5. Qxc4 Bg7 6. e4 O-O 7. Be2 Nfd7
8. Be3 Nb6 9. Qc5 e5 10. Nf3 N8d7 11. Qa5 exd4 12. Bxd4 Bxd4 13. Nxd4 Qe7
14. O-O Nc5 15. Qa3 Re8 16. Rfe1 Ne6 17. Qxe7 Rxe7 18. Nc2 Nc5 19. f3
1/2-1/2

[Event "Aerosvit"]
[Site "Foros UKR"]
[Date "2007.06.29"]
[Round "11"]
[White "Jakovenko,D"]
[Black "Karjakin,Sergey"]
[Result "1/2-1/2"]
[WhiteElo "2708"]
[BlackElo "2686"]
[EventDate "2007.06.18"]

1. e4 e5 2. Nf3 Nc6 3. Bb5 a6 4. Ba4 Nf6 5. O-O Be7 6. Re1 b5 7. Bb3 O-O 8.
d4 Nxd4 9. Nxd4 exd4 10. e5 Ne8 11. c3 dxc3 12. Nxc3 d6 13. Qf3 Be6 14. Bf4
Bxb3 15. axb3 dxe5 16. Bxe5 Bd6 17. Nxb5 Bxe5 18. Rxe5 Nd6 19. Nd4 Nb5 20.
Nc6 Nd4 21. Nxd4 Qxd4 22. Qc3 Qb6 23. Rc5 Ra7 24. Rc1 Rb8 25. Rxc7 Rxc7 26.
Qxc7 Qxc7 27. Rxc7 g6 28. Rc3 Rd8 29. g3 1/2-1/2

[Event "Aerosvit"]
[Site "Foros UKR"]
[Date "2007.06.29"]
[Round "11"]
[White "Onischuk,Al"]
[Black "Nisipeanu,LD"]
[Result "1-0"]
[WhiteElo "2663"]
[BlackElo "2693"]
[EventDate "2007.06.18"]

1. d4 d5 2. c4 dxc4 3. e4 e5 4. Nf3 exd4 5. Bxc4 Nc6 6. O-O Be6 7. Bb5 Bc5
8. b4 Bb6 9. a4 a6 10. Bxc6+ bxc6 11. a5 Ba7 12. Bb2 Nf6 13. Nxd4 Bxd4 14.
Bxd4 Nxe4 15. Re1 Qd5 16. Qd3 c5 17. Rxe4 cxd4 18. Nc3 Qb3 19. Rxd4 O-O 20.
Qd2 c5 21. bxc5 Rab8 22. h3 Qb7 23. Nd5 Rbc8 24. Rc1 Bxd5 25. Rxd5 Rc6 26.
Rd6 Qc7 27. Qd5 Rxd6 28. Qxd6 Qxa5 29. Rb1 g6 30. c6 Kg7 31. c7 Rc8 32. Rc1
Qg5 33. Rc6 h5 34. f4 Qa5 35. Kh2 h4 36. Qf6+ Kg8 37. Qxh4 Qd5 38. Qf6 Qd7
39. h4 a5 40. h5 Qf5 41. Qd8+ Kg7 42. Qd4+ f6 43. g4 Qxg4 44. Qxf6+ Kh6 45.
Qxg6+ Qxg6 46. hxg6 a4 47. f5 a3 48. Rc2 a2 49. Rxa2 Rxc7 50. Kh3 Kg5 51.
Rg2+ Kf6 52. Kg4 Rc1 53. Rh2 Rf1 54. Rh8 Rg1+ 55. Kf4 Rf1+ 56. Ke4 Re1+ 57.
Kd3 Re7 58. Rh7 1-0